| 000 | 00472nam a22001337a 4500 | ||
|---|---|---|---|
| 003 | OSt | ||
| 082 | _a631 | ||
| 088 | _aP544 | ||
| 100 |
_aALAN JOSEPH _aANJALY BALAKRISHNAN _a DEVIKA K K _a MAYA S KUMAR _aSTELLA JOHNSON _95348 |
||
| 245 | _aDEVELOPMENT AND QUALITY EVALUATION OF NUTRIENT RICH PASTA FROM COMPOSITE FLOUR | ||
| 260 |
_aThavanur _KKelappaji College of Agricultural Engineering and Technology _c2022 |
||
| 700 |
_aDr. Rajesh G K, project guide _95349 |
||
| 942 | _cPR | ||
| 999 |
_c17604 _d17604 |
||